The forty rules of love /

Bibliographic Details
Main Author: Shafak, Elif, 1971-
Format: Book
Language:English
Published: India : Viking, 2022.
Subjects:
Classic Catalogue: View this record in Classic Catalogue
LEADER 01366nam a2200349 a 4500
001 44513
003 BD-DhAAL
005 20250723120141.0
008 250723t20222010ii b 000 1 eng
010 |a  2009037525 
020 |a 9780670021451 
035 |a 15905309 
040 |a DLC  |c DLC  |d DLC  |d BD-DhAAL 
050 0 0 |a PS3619.H328  |b F67 2010 
082 0 0 |a 813/.6  |2 22 
100 1 |a Shafak, Elif,  |d 1971-  |9 58813 
245 1 4 |a The forty rules of love /  |c Elif Shafak. 
260 |a India :  |b Viking,  |c 2022. 
300 |a 354 pages ;  |c 24 cm. 
500 |a ©2010 
504 |a Includes bibliographical references. 
541 |a Donated by Farhana Zahir (Assistant Professor, BRAC Business School)   |e 44513 
600 0 0 |a Jalāl al-Dīn Rūmī,  |c Maulana,  |d 1207-1273  |v Fiction.  |9 58814 
650 0 |a Housewives  |v Fiction.  |9 58815 
650 0 |a Jewish women  |v Fiction.  |9 58816 
650 0 |a Sufis  |v Fiction.  |9 58817 
650 0 |a Sufism  |v Fiction.  |9 58818 
650 0 |a Mevleviyeh  |v Fiction.  |9 58819 
655 7 |a Fiction. 
942 |2 ddc  |c BK 
999 |c 47341  |d 47341 
952 |0 0  |1 0  |2 ddc  |4 0  |6 813_600000000000000_SHA  |7 0  |9 77889  |a BRACUL  |b BRACUL  |c NEW  |d 2025-07-23  |e Donated by Farhana Zahir (Assistant Professor, BBS.)  |l 6  |m 23  |o 813.6 SHA  |p 3010044513  |q 2026-03-11  |r 2026-02-25  |s 2026-02-25  |t 1  |w 2025-07-23  |y BK  |x Donated by Farhana Zahir, Assistant Professor, BBS, BRAC University ; ₹899.00